[Event "4th FIDE GP w"]
[Site "Jermuk ARM"]
[Date "2010.06.24"]
[Round "1"]
[White "Cramling,P"]
[Black "Kosintseva,T"]
[Result "1/2-1/2"]
[WhiteElo "2536"]
[BlackElo "2534"]
[EventDate "2010.06.24"]

1. d4 Nf6 2. Nf3 d5 3. c4 e6 4. Nc3 Bb4 5. cxd5 exd5 6. Bg5 Nbd7 7. e3 c5
8. Bd3 Qa5 9. Qc2 c4 10. Bf5 O-O 11. O-O Re8 12. Nd2 g6 13. Bxd7 Nxd7 14.
f3 Nb6 15. e4 Bf8 16. Rae1 Bg7 17. Be3 Be6 18. Ndb1 Rad8 19. Qf2 Na4 20. h3
f5 21. e5 b5 22. a3 Nxc3 23. bxc3 Qa4 24. Qh4 a5 25. Bh6 Bxh6 26. Qxh6 b4
27. axb4 axb4 28. h4 Qa7 29. h5 bxc3 30. Qf4 c2 31. Nc3 Rb8 32. Ra1 Qe7 33.
hxg6 hxg6 34. Qh6 Qg7 35. Qxg7+ Kxg7 36. Rfc1 Rb2 37. Ra2 Reb8 38. Rxc2
Rxc2 39. Rxc2 f4 40. Kf1 Rb3 41. Ke1 Bf5 42. Rc1 Be6 43. Kd2 Rb2+ 44. Rc2
Rxc2+ 45. Kxc2 Kf7 46. Kd2 g5 47. Ke2 Ke7 48. Kf2 Kd7 49. g3 fxg3+ 50. Kxg3
Kc6 51. Kf2 Kd7 52. Ke3 Ke7 53. f4 gxf4+ 54. Kxf4 Bf7 55. Ke3 Be6 56. Kd2
Kd7 57. Na4 Kc6 58. Nc3 Kd7 59. Ne2 Bf5 60. Kc3 Kc6 61. Kb4 Be6 62. Ka5 Bf5
63. Nc3 Bg4 64. Na2 Be6 65. Nb4+ Kc7 66. Kb5 Bd7+ 67. Kc5 Be6 68. Na2 Bg8
69. Nc3 Be6 70. Nb5+ Kd7 71. Kb6 Bf5 72. Nc3 Be6 73. Na4 Bf5 74. Nc5+ Ke7
75. Na4 Kd7 76. Kb7 Be6 77. Nc5+ Ke7 78. Na4 Kd7 79. Nc5+ Ke7 80. Kc6 Bg8
81. Na4 Be6 82. Nc3 Bg8 83. Kc7 Be6 84. Na2 Bf5 85. Kc6 Be4 86. Nc3 Bf3 87.
Kc7 Bg2 88. Na4 Be4 89. Kc6 Bf3 90. Nc3 Bg2 91. Na2 Be4 92. Nb4 Ke6 93. Na2
Ke7 94. Nb4 Ke6 95. Na6 Ke7 96. Nc5 Bf3 97. Na4 Be4 98. Kc7 Bf3 99. Nc5 Bg2
100. Kc6 Bf3 101. Na6 Be4 102. Nb4 Ke6 103. Kc5 Bf3 104. Na6 Be4 105. Kc6
Ke7 106. Nc5 Bf3 107. Kb5 1/2-1/2

[Event "4th FIDE GP w"]
[Site "Jermuk ARM"]
[Date "2010.06.25"]
[Round "2"]
[White "Xu Yuhua"]
[Black "Hou Yifan"]
[Result "1-0"]
[WhiteElo "2484"]
[BlackElo "2589"]
[EventDate "2010.06.24"]

1. e4 c5 2. Nf3 e6 3. d4 cxd4 4. Nxd4 Nf6 5. Nc3 d6 6. Be3 a6 7. Be2 Qc7 8.
Qd2 b5 9. a3 Bb7 10. f3 Nc6 11. g4 Ne5 12. g5 Nfd7 13. f4 Nc4 14. Bxc4 Qxc4
15. Nb3 a5 16. Qd3 Be7 17. a4 Qxd3 18. cxd3 bxa4 19. Rxa4 Bd8 20. Ke2 h6
21. g6 fxg6 22. Rha1 Bc6 23. R4a2 g5 24. Nd4 gxf4 25. Bxf4 e5 26. Nxc6 exf4
27. Nd5 O-O 28. b4 f3+ 29. Kf1 Ne5 30. Nxd8 Raxd8 31. bxa5 Ra8 32. a6 Ra7
33. d4 Nc6 34. Ra4 Re8 35. Nc3 Rb8 36. Kf2 Rb2+ 37. Kxf3 Rb3 38. Rc1 Nb4
39. Kg4 Rxa6 40. Rxa6 Nxa6 41. Nd5 Rd3 42. Rc4 Kh7 43. Kf5 Rh3 44. Rc6 Nb8
45. Rc7 Rh5+ 46. Ke6 Rxh2 47. Kxd6 Rd2 48. Rc4 Ra2 49. e5 h5 50. Nb4 Rg2
51. e6 Rg6 52. d5 Rh6 53. Kc7 1-0

[Event "4th FIDE GP w"]
[Site "Jermuk ARM"]
[Date "2010.06.25"]
[Round "2"]
[White "Mkrtchian,L"]
[Black "Fierro Baquero,M"]
[Result "1-0"]
[WhiteElo "2477"]
[BlackElo "2363"]
[EventDate "2010.06.24"]

1. d4 Nf6 2. c4 g6 3. Nc3 Bg7 4. e4 d6 5. Nf3 O-O 6. h3 e5 7. d5 a5 8. g4
Na6 9. Be3 Nd7 10. a3 Nb6 11. Be2 Bd7 12. Nd2 Bf6 13. Nf3 Nc5 14. g5 Bg7
15. Qc2 a4 16. Nd2 f5 17. h4 c6 18. O-O-O cxd5 19. cxd5 Rc8 20. Kb1 Nxe4
21. Ndxe4 fxe4 22. h5 Nc4 23. Bxc4 Rxc4 24. h6 Bh8 25. Rhg1 Qa5 26. Qd2 Bf5
27. Na2 Qxd2 28. Rxd2 Rfc8 29. Rc1 Rxc1+ 30. Nxc1 Kf7 31. Rc2 Rxc2 32. Kxc2
Bh3 33. Kc3 Bf1 34. Na2 Ke7 35. Kb4 b5 36. Nc3 Bc4 37. Ka5 Kd7 38. Kb6 Bd3
39. Nxb5 Bc4 40. Nc3 Bb3 41. Kb7 Bc2 42. Ka6 Bb3 43. Ka5 Ke7 44. Kb5 Kd8
45. Kc6 Ke7 46. Nb5 1-0

[Event "4th FIDE GP w"]
[Site "Jermuk ARM"]
[Date "2010.06.25"]
[Round "2"]
[White "Dzagnidze,N"]
[Black "Danielian,E"]
[Result "1-0"]
[WhiteElo "2478"]
[BlackElo "2473"]
[EventDate "2010.06.24"]

1. d4 d5 2. Nf3 Nf6 3. c4 dxc4 4. Nc3 a6 5. e4 b5 6. e5 Nd5 7. a4 e6 8.
axb5 Nb6 9. bxa6 Rxa6 10. Bg5 Be7 11. Bxe7 Qxe7 12. Be2 O-O 13. O-O Bb7 14.
Qc2 Rxa1 15. Rxa1 Nc6 16. Ne4 h6 17. h4 Rd8 18. Rd1 Nb4 19. Qb1 Bxe4 20.
Qxe4 c5 21. Rd2 Rd5 22. g3 cxd4 23. Rxd4 Qc5 24. h5 Nc6 25. Rd1 Rxd1+ 26.
Bxd1 Nd7 27. Bc2 Kf8 28. Ba4 Ncxe5 29. Nxe5 Nxe5 30. Qa8+ Ke7 31. Qe8+ Kf6
32. Qd8+ Kf5 33. Bc2+ Nd3 34. Bxd3+ cxd3 35. Qxd3+ Ke5 36. b3 f5 37. Qd2
Kf6 38. b4 Qb6 39. Qb2+ e5 40. b5 Ke6 41. Qa2+ Kd6 42. Qf7 Qxb5 43. Qxg7
Qb1+ 44. Kh2 Qc2 45. Qxh6+ Ke7 46. Qe3 Kf6 47. Qb6+ Kg7 48. Qg6+ Kh8 49.
Qb6 Kg7 50. Qe3 Kf6 51. Kh3 Qd1 52. Qh6+ Ke7 53. Qg5+ Ke6 54. Qg6+ Ke7 55.
Qxf5 Qf1+ 56. Kh4 Qc4+ 57. Kg5 Qg8+ 58. Kh6 Qb8 59. Kg7 Qb2 60. Qf6+ Ke8
61. Qf7+ Kd8 62. h6 1-0

[Event "4th FIDE GP w"]
[Site "Jermuk ARM"]
[Date "2010.06.25"]
[Round "2"]
[White "Kosintseva,T"]
[Black "Kovanova,B"]
[Result "1-0"]
[WhiteElo "2534"]
[BlackElo "2366"]
[EventDate "2010.06.24"]

1. e4 e5 2. Nf3 Nc6 3. Bb5 a6 4. Ba4 Nf6 5. O-O Be7 6. Re1 b5 7. Bb3 d6 8.
c3 O-O 9. h3 Bb7 10. d4 Nd7 11. Nbd2 exd4 12. cxd4 Bf6 13. Nf1 Na5 14. Bc2
Re8 15. N1h2 h5 16. Rb1 c5 17. d5 Nc4 18. b3 Ncb6 19. Bf4 Nf8 20. Nf1 Rc8
21. Ne3 g6 22. g4 Bc3 23. Rf1 hxg4 24. Nxg4 Nh7 25. Kh2 Bg7 26. Qd2 Rc7 27.
Bg3 c4 28. Rg1 cxb3 29. axb3 Kh8 30. Bd3 f5 31. exf5 Bxd5 32. Bh4 Qd7 33.
fxg6 Bxf3 34. gxh7 Nd5 35. Rg3 Qf7 36. Rbg1 Rf8 37. Qg5 Bxg4 38. Rxg4 Nf4
39. Bb1 Rc3 40. Bg3 Ne6 41. Qd5 Rc5 42. Qxd6 Rg5 43. Bh4 Rd8 44. Qg3 Rxg4
45. Qxg4 Rd4 46. Be4 Qc7+ 47. Bg3 Qe7 48. Rc1 Rd8 49. Rc6 Ng5 50. Bf5 Rf8
51. h4 Qb7 52. Rc7 Nf3+ 53. Kh1 1-0

[Event "4th FIDE GP w"]
[Site "Jermuk ARM"]
[Date "2010.06.26"]
[Round "3"]
[White "Cramling,P"]
[Black "Dzagnidze,N"]
[Result "1/2-1/2"]
[WhiteElo "2536"]
[BlackElo "2478"]
[EventDate "2010.06.24"]

1. d4 Nf6 2. Nf3 e6 3. c4 b6 4. g3 Bb7 5. Bg2 Be7 6. O-O O-O 7. Re1 Na6 8.
Ne5 Bxg2 9. Kxg2 Nb8 10. e4 d5 11. exd5 exd5 12. Qf3 c6 13. Nc3 dxc4 14.
Bf4 Nd5 15. Nxc4 Nxf4+ 16. Qxf4 Bb4 17. Ne5 f6 18. Nf3 Na6 19. Qf5 Nc7 20.
Rac1 Rc8 21. a3 Bxc3 22. Rxc3 Qd6 23. Rc2 Rfe8 24. h4 g6 25. Rxe8+ Rxe8 26.
Qd3 Qd5 27. b3 Rd8 28. Qc4 Rd6 29. Re2 Kf7 30. a4 Ne6 31. Rd2 Rd7 32. Qc3
Qe4 33. Qe3 Qxe3 34. fxe3 c5 35. d5 Nd8 36. e4 Re7 37. Rf2 Kg7 38. Nd2 Nf7
39. g4 a6 40. Kg3 b5 41. axb5 axb5 42. Rf1 Nd6 43. Rc1 Nxe4+ 44. Nxe4 Rxe4
45. Rxc5 Rb4 46. Rc7+ Kf8 47. Rxh7 Rxb3+ 48. Kf4 Rb4+ 49. Kf3 Rd4 50. h5
gxh5 51. gxh5 Rxd5 52. h6 Kg8 53. Rg7+ Kh8 54. Rb7 Rh5 55. Kg4 Rxh6 56.
Rxb5 Kg7 57. Rb8 Rh1 58. Kf5 Rh5+ 59. Kf4 Ra5 60. Rc8 Kg6 61. Rg8+ Kf7 62.
Rb8 Re5 63. Ra8 Re8 64. Rxe8 1/2-1/2

[Event "4th FIDE GP w"]
[Site "Jermuk ARM"]
[Date "2010.06.26"]
[Round "3"]
[White "Fierro Baquero,M"]
[Black "Kosintseva,T"]
[Result "0-1"]
[WhiteElo "2363"]
[BlackElo "2534"]
[EventDate "2010.06.24"]

1. e4 e5 2. Nf3 Nc6 3. Bb5 a6 4. Ba4 Nf6 5. O-O Be7 6. Re1 b5 7. Bb3 O-O 8.
h3 Bb7 9. d3 d6 10. a3 Qd7 11. Nbd2 Nd8 12. Nf1 Ne6 13. Ng3 Rfe8 14. c3 c5
15. Ba2 Bf8 16. b4 Qc7 17. d4 c4 18. d5 Nf4 19. Bb1 a5 20. Bc2 axb4 21.
cxb4 h6 22. Ne2 Nxe2+ 23. Qxe2 Bc8 24. Nd2 Bd7 25. Nb1 g6 26. Nc3 Nh5 27.
Be3 Bg7 28. Reb1 Reb8 29. a4 Nf4 30. Qf1 bxa4 31. Nxa4 Nd3 32. Bd2 f5 33.
Bxd3 cxd3 34. Nc3 fxe4 35. Nxe4 Qc4 36. Qe1 Qxd5 37. Bxh6 Bf5 38. Nc3 Qc4
39. Bxg7 Kxg7 40. Rxa8 Rxa8 41. Qd2 Rc8 42. Rc1 Qf4 43. Qb2 d5 44. Rd1 d4
45. Nd5 Qg5 46. Qa2 Be4 47. g4 Rc1 48. Rxc1 Qxc1+ 49. Kh2 Qh1+ 50. Kg3 Qf3+
51. Kh4 Bxd5 52. Qa7+ Bf7 0-1

[Event "4th FIDE GP w"]
[Site "Jermuk ARM"]
[Date "2010.06.27"]
[Round "4"]
[White "Mkrtchian,L"]
[Black "Kosintseva,T"]
[Result "1/2-1/2"]
[WhiteElo "2477"]
[BlackElo "2534"]
[EventDate "2010.06.24"]

1. d4 Nf6 2. c4 e6 3. Nc3 Bb4 4. Qc2 O-O 5. a3 Bxc3+ 6. Qxc3 d5 7. cxd5 Ne4
8. Qc2 exd5 9. Bf4 Nc6 10. e3 Re8 11. O-O-O Bf5 12. Bd3 Ne7 13. f3 Nd6 14.
e4 Ng6 15. Bxd6 cxd6 16. Ne2 dxe4 17. fxe4 Bg4 18. Kb1 Rc8 19. Qd2 Qb6 20.
Rc1 Rxc1+ 21. Rxc1 Bxe2 22. Bxe2 Rxe4 23. Rc8+ Nf8 24. Bc4 Qxd4 25. Qxd4
Rxd4 26. Rc7 Ne6 27. Rc8+ Nf8 28. Rc7 Ne6 29. Rc8+ Nf8 30. Rc7 Ne6 1/2-1/2

[Event "4th FIDE GP w"]
[Site "Jermuk ARM"]
[Date "2010.06.27"]
[Round "4"]
[White "Dzagnidze,N"]
[Black "Kovanova,B"]
[Result "1-0"]
[WhiteElo "2478"]
[BlackElo "2366"]
[EventDate "2010.06.24"]

1. d4 Nf6 2. c4 e6 3. Nf3 b6 4. g3 Ba6 5. b3 Bb4+ 6. Bd2 Be7 7. Nc3 c6 8.
Bg2 d5 9. O-O O-O 10. Bf4 Nbd7 11. Qc2 Rc8 12. Rfd1 c5 13. cxd5 cxd4 14.
Nxd4 Nxd5 15. Bxd5 exd5 16. Qb2 Nc5 17. b4 Ne6 18. Be5 Bd6 19. Bxd6 Qxd6
20. Nf5 Qe5 21. Ne7+ Kh8 22. Nxc8 Rxc8 23. Qa3 Bc4 24. Rac1 d4 25. Nb1 Qxe2
26. Re1 Qh5 27. b5 Qxb5 28. Nd2 h6 29. Qxa7 Qb4 30. Nxc4 Rxc4 31. Qxf7 Rxc1
32. Rxc1 Nc5 33. Qf8+ Kh7 34. Qf5+ Kh8 35. Rb1 Qa5 36. Qg6 b5 37. Qf5 Qxa2
38. Rc1 1-0

[Event "4th FIDE GP w"]
[Site "Jermuk ARM"]
[Date "2010.06.27"]
[Round "4"]
[White "Xu Yuhua"]
[Black "Danielian,E"]
[Result "1/2-1/2"]
[WhiteElo "2484"]
[BlackElo "2473"]
[EventDate "2010.06.24"]

1. e4 c5 2. Nf3 e6 3. d4 cxd4 4. Nxd4 a6 5. Bd3 Bc5 6. Nb3 Ba7 7. Qe2 Nc6
8. Be3 d6 9. O-O Bxe3 10. Qxe3 Nf6 11. Kh1 e5 12. N1d2 O-O 13. f4 exf4 14.
Qxf4 Ne5 15. Nf3 Nh5 16. Qd2 Bg4 17. Nbd4 Rc8 18. c3 Bxf3 19. Nxf3 Qb6 20.
Rab1 Nf4 21. Qxf4 Nxd3 22. Qh4 Qd8 23. Qg3 Nc5 24. e5 dxe5 25. Qxe5 Nd3 26.
Qg3 Qc7 27. Qh4 Qc4 28. Qxc4 Rxc4 29. Kg1 Re4 30. Rfd1 Nf4 31. g3 Ne6 32.
Rd7 Rb8 33. Kf2 Kf8 34. Rbd1 Ke8 35. a3 Rd8 36. Rxd8+ Nxd8 37. Nd4 g6 38.
Rd3 Ne6 39. Re3 Rxe3 40. Kxe3 Ke7 41. Nxe6 Kxe6 42. Kd4 h5 43. c4 Kd6 44.
b4 b6 45. h4 f6 46. Ke4 Kc6 47. Kd3 Kd6 48. Kd4 Kc6 49. Ke4 Kd6 50. Kd4 Kc6
51. Ke4 1/2-1/2

[Event "4th FIDE GP w"]
[Site "Jermuk ARM"]
[Date "2010.06.28"]
[Round "5"]
[White "Cramling,P"]
[Black "Xu Yuhua"]
[Result "1/2-1/2"]
[WhiteElo "2536"]
[BlackElo "2484"]
[EventDate "2010.06.24"]

1. Nf3 Nf6 2. c4 e6 3. Nc3 Bb4 4. Qc2 O-O 5. a3 Bxc3 6. Qxc3 b6 7. b4 Bb7
8. Bb2 d6 9. e3 Nbd7 10. Be2 e5 11. d3 Re8 12. O-O c5 13. Rfe1 Nf8 14. d4
Ng6 15. bxc5 bxc5 16. d5 Rb8 17. Nd2 Bc8 18. Bd3 Re7 19. Qc2 Reb7 20. Bc3
Bd7 21. g3 Qe8 22. a4 a6 23. f4 Bc8 24. Bf1 Re7 25. Nf3 exf4 26. exf4 Ne4
27. Ba5 Bg4 28. Kg2 f5 29. Bd3 Nxf4+ 30. gxf4 Qg6 31. Ng5 h6 32. h3 Bh5 33.
Rxe4 fxe4 34. Bxe4 Rxe4 35. Qxe4 Rb2+ 36. Kg3 Rb3+ 37. Kh2 Rb2+ 38. Kg3
Rb3+ 39. Kh2 Rb2+ 40. Kg1 hxg5 41. Qxg6 Bxg6 42. fxg5 Bd3 43. Re1 Bxc4 44.
g6 Re2 45. Rb1 Kf8 46. Bc7 Bxd5 47. Bxd6+ Ke8 48. Bxc5 Rg2+ 49. Kf1 Rxg6
50. Rb6 Bg2+ 51. Kf2 Rxb6 52. Bxb6 1/2-1/2

[Event "4th FIDE GP w"]
[Site "Jermuk ARM"]
[Date "2010.06.28"]
[Round "5"]
[White "Danielian,E"]
[Black "Hou Yifan"]
[Result "1/2-1/2"]
[WhiteElo "2473"]
[BlackElo "2589"]
[EventDate "2010.06.24"]

1. d4 Nf6 2. Nf3 e6 3. c4 b6 4. a3 Bb7 5. Nc3 d5 6. cxd5 Nxd5 7. e3 g6 8.
Nxd5 exd5 9. Be2 Bg7 10. Bd2 Nd7 11. Rc1 O-O 12. Bb5 a6 13. Be2 c5 14. dxc5
Nxc5 15. Bc3 Bxc3+ 16. Rxc3 Ne6 17. O-O Qf6 18. Qd2 Rac8 19. Rfc1 Rxc3 20.
Rxc3 Rd8 21. Nd4 Nxd4 22. Qxd4 Qxd4 23. exd4 Rc8 24. Rxc8+ Bxc8 25. Bf3 Be6
26. Kf1 g5 27. Ke1 Kf8 28. Kd2 Ke7 29. Kc3 Kd6 30. Kd2 h6 31. Ke3 f6 32.
Be2 a5 33. g3 Bd7 34. f4 Ke7 35. Bd1 Kd6 1/2-1/2

[Event "4th FIDE GP w"]
[Site "Jermuk ARM"]
[Date "2010.06.29"]
[Round "6"]
[White "Dzagnidze,N"]
[Black "Kosintseva,T"]
[Result "1-0"]
[WhiteElo "2478"]
[BlackElo "2534"]
[EventDate "2010.06.24"]

1. d4 Nf6 2. c4 e6 3. Nc3 Bb4 4. e3 O-O 5. Nge2 d5 6. a3 Be7 7. cxd5 exd5
8. g3 a5 9. Bg2 Na6 10. O-O Re8 11. f3 c5 12. Bd2 b6 13. Be1 Nc7 14. Bf2
Ba6 15. Qd2 cxd4 16. exd4 Bf8 17. Rfe1 Ne6 18. Nc1 b5 19. Nd3 b4 20. Na4
bxa3 21. bxa3 Bb5 22. Nc3 Ba6 23. Ne5 Qd6 24. f4 Nc7 25. Qa2 Rad8 26. Na4
Nd7 27. Rac1 Bb5 28. Nc5 Nxc5 29. Rxc5 Bc4 30. Qd2 Qb6 31. Nxc4 Rxe1+ 32.
Qxe1 dxc4 33. Rc6 Qa7 34. d5 Qb8 35. Bb6 Re8 36. Qxa5 Na8 37. Bf2 Qb3 38.
Ra6 c3 39. Rc6 Qd1+ 40. Bf1 c2 41. Qc3 Re2 42. d6 Nb6 43. Bxb6 Re1 44. Qxe1
Qxe1 45. d7 c1=Q 46. Rxc1 Qxc1 47. d8=Q Qxa3 48. Qd5 Qc1 49. Kg2 Qc2+ 50.
Bf2 Qc7 51. Bc4 1-0

[Event "4th FIDE GP w"]
[Site "Jermuk ARM"]
[Date "2010.06.29"]
[Round "6"]
[White "Xu Yuhua"]
[Black "Kovanova,B"]
[Result "1-0"]
[WhiteElo "2484"]
[BlackElo "2366"]
[EventDate "2010.06.24"]

1. e4 e5 2. Nf3 Nc6 3. Bb5 a6 4. Ba4 Nf6 5. O-O Be7 6. Re1 b5 7. Bb3 d6 8.
c3 O-O 9. h3 Bb7 10. d4 Nd7 11. Nbd2 exd4 12. cxd4 Bf6 13. Nf1 Na5 14. Bc2
Re8 15. N1h2 h5 16. Rb1 c5 17. d5 Nc4 18. b3 Nce5 19. Nd2 Qa5 20. Qxh5 Qxa2
21. Qd1 Ng6 22. Rf1 Rac8 23. Ng4 Bc3 24. Ne3 Nf6 25. Nf3 Rcd8 26. Ng5 Re5
27. h4 Nxh4 28. f4 Ree8 29. Rf2 Qa5 30. f5 Bd4 31. g3 Bxd5 32. Bd2 Qa2 33.
Nxd5 Nxd5 34. exd5 f6 35. Ne6 Nf3+ 36. Kg2 Bxf2 37. Kxf3 Bd4 38. Nxd8 Rxd8
39. Bd3 Qa3 40. Qc1 b4 41. Qc2 Re8 42. Bf4 Qa5 43. Bxd6 Qd8 44. Bf4 Qxd5+
45. Kg4 Kf8 46. Bc4 Qc6 47. Qh2 g5 48. Qh7 1-0

[Event "4th FIDE GP w"]
[Site "Jermuk ARM"]
[Date "2010.07.01"]
[Round "7"]
[White "Danielian,E"]
[Black "Mkrtchian,L"]
[Result "1/2-1/2"]
[WhiteElo "2473"]
[BlackElo "2477"]
[EventDate "2010.06.24"]

1. d4 Nf6 2. Nf3 d5 3. c4 e6 4. Nc3 dxc4 5. e4 Bb4 6. Bg5 c5 7. Bxc4 cxd4
8. Nxd4 Bxc3+ 9. bxc3 Qa5 10. Bxf6 gxf6 11. Bb5+ Bd7 12. Qb3 Bxb5 13. Nxb5
O-O 14. O-O Nc6 15. Rad1 Rad8 16. Nd6 Qe5 17. Qa3 Rd7 18. f4 Qa5 19. Qxa5
Nxa5 20. Rd4 Rfd8 21. Rfd1 Nc6 22. R4d2 Kf8 23. Kf2 Ke7 24. Nc8+ Ke8 25.
Nd6+ Ke7 26. Nc8+ Ke8 27. Nd6+ Ke7 28. Nc8+ 1/2-1/2

[Event "4th FIDE GP w"]
[Site "Jermuk ARM"]
[Date "2010.07.01"]
[Round "7"]
[White "Kovanova,B"]
[Black "Hou Yifan"]
[Result "1/2-1/2"]
[WhiteElo "2366"]
[BlackElo "2589"]
[EventDate "2010.06.24"]

1. e4 c5 2. Nf3 d6 3. d4 cxd4 4. Nxd4 Nf6 5. Nc3 Nc6 6. g3 g6 7. Bg2 Bd7 8.
O-O Bg7 9. Nxc6 bxc6 10. Be3 Qc8 11. Qd2 Ng4 12. Bd4 e5 13. Be3 Qc7 14.
Rad1 Nxe3 15. fxe3 Bh6 16. Kh1 Rd8 17. Na4 Bg4 18. Rde1 O-O 19. c4 Be6 20.
b3 f5 21. Nc3 Kh8 22. Qb2 Bg7 23. Qc2 Rf7 24. Rf2 Rdf8 25. Ref1 Bh6 26. Qd3
Rd8 27. exf5 gxf5 28. e4 fxe4 29. Rxf7 Bxf7 30. Qxe4 Rc8 31. Qh4 Bg7 32.
Ne4 Rf8 33. Ng5 Bg8 34. Rxf8 Bxf8 35. Ne6 Qe7 36. Nxf8 Qxf8 37. Qe4 Qf2 38.
h3 Qxg3 39. Qxc6 Qg6 40. c5 dxc5 41. Qxc5 Qg7 42. Qc6 Qg5 43. Qc5 Qg7 44.
Qc6 Qe7 45. Qc3 Qd6 46. Qe3 a5 47. Qc3 Qd1+ 48. Kh2 Qd6 49. Kh1 Qd1+ 50.
Kh2 Qd6 51. Kh1 Qd1+ 1/2-1/2

[Event "4th FIDE GP w"]
[Site "Jermuk ARM"]
[Date "2010.07.01"]
[Round "7"]
[White "Fierro Baquero,M"]
[Black "Xu Yuhua"]
[Result "1-0"]
[WhiteElo "2363"]
[BlackElo "2484"]
[EventDate "2010.06.24"]

1. e4 e6 2. d4 d5 3. Nd2 c5 4. exd5 Qxd5 5. Ngf3 cxd4 6. Bc4 Qd6 7. O-O Nf6
8. Nb3 Nc6 9. Nbxd4 Nxd4 10. Nxd4 a6 11. Re1 Bd7 12. Bg5 Qc5 13. Bxe6 fxe6
14. Bxf6 gxf6 15. Nxe6 Bxe6 16. Rxe6+ Kf7 17. Qd7+ Be7 18. Rae1 Rhe8 19. b4
Qxb4 20. R6e4 Qd6 21. Qf5 Rh8 22. Re6 Qc7 23. R1e4 h5 24. Rxe7+ Qxe7 25.
Qd5+ Kf8 26. Rxe7 Kxe7 27. Qxb7+ Ke6 28. h4 Rac8 29. Qxa6+ Kf7 30. Qb7+ Kg6
31. Qe4+ Kg7 32. a4 Rc7 33. Qf5 Ra8 34. a5 Rca7 35. Qxh5 Rxa5 36. Qg4+ Kf7
37. Qd7+ Kg6 38. Qg4+ Kf7 39. Qc4+ Kg7 40. Qc7+ Kg6 41. g4 R8a7 42. Qd8 Kg7
43. Kg2 Rc5 44. h5 Rac7 45. Qe8 Rg5 46. Kg3 Kh7 47. f4 Rgg7 48. Qe4+ Kh8
49. Qe6 Rgf7 50. c4 Kg7 51. c5 Rce7 52. Qf5 Rc7 53. Qg6+ Kh8 54. c6 Rf8 55.
h6 Rff7 56. Qe4 Rce7 57. Qd3 Rc7 58. Qc2 Rc8 59. Qg6 Rcc7 60. Kh4 Rf8 61.
Kh5 Rff7 62. Qe4 Rce7 63. Qd5 Rf8 64. Qd6 Ref7 65. Kg6 Kg8 66. Qe6 1-0

[Event "4th FIDE GP w"]
[Site "Jermuk ARM"]
[Date "2010.07.02"]
[Round "8"]
[White "Hou Yifan"]
[Black "Fierro Baquero,M"]
[Result "1-0"]
[WhiteElo "2589"]
[BlackElo "2363"]
[EventDate "2010.06.24"]

1. e4 c5 2. Nc3 Nc6 3. Bb5 Nd4 4. Bc4 e6 5. Nge2 a6 6. Nxd4 cxd4 7. Ne2 Nf6
8. d3 Bc5 9. Bg5 h6 10. Bh4 Qa5+ 11. c3 dxc3 12. bxc3 Be7 13. Bb3 d6 14.
O-O Bd7 15. f3 Rc8 16. Kh1 O-O 17. f4 Rfe8 18. Rf3 Rc7 19. Qg1 Qh5 20. Bf2
a5 21. Rb1 Ng4 22. Bb6 Rc6 23. Bd4 Rcc8 24. Ng3 Qh4 25. a4 Bf6 26. Nf1 Bxd4
27. Qxd4 Qe7 28. Ng3 Rc5 29. h3 e5 30. fxe5 Nxe5 31. Nf5 Bxf5 32. Rxf5 Qc7
33. Bd5 b6 34. c4 Re7 35. Qe3 Nd7 36. Rbf1 Ne5 37. Qg3 Qd7 38. d4 Rxd5 39.
cxd5 Nc4 40. Qc3 Qxa4 41. e5 Qb4 42. Qxb4 axb4 43. Rb1 dxe5 44. Rxb4 Ne3
45. Rxe5 Rxe5 46. dxe5 Nxd5 47. Rb5 Nf4 48. Kg1 g6 49. Kf2 h5 50. Kf3 Nd3
51. Ke3 Nc5 52. Rxb6 Nd7 53. Rb5 Kf8 54. Ke4 Ke7 55. Kd5 1-0

[Event "4th FIDE GP w"]
[Site "Jermuk ARM"]
[Date "2010.07.02"]
[Round "8"]
[White "Mkrtchian,L"]
[Black "Dzagnidze,N"]
[Result "0-1"]
[WhiteElo "2477"]
[BlackElo "2478"]
[EventDate "2010.06.24"]

1. d4 Nf6 2. c4 e6 3. Nc3 Bb4 4. Qc2 O-O 5. a3 Bxc3+ 6. Qxc3 d5 7. Bg5 dxc4
8. Qxc4 b6 9. Rd1 Ba6 10. Qc2 Nbd7 11. e4 Qc8 12. Bxa6 Qxa6 13. Ne2 c5 14.
O-O Rac8 15. Nc3 Rfe8 16. Rd2 b5 17. dxc5 Rxc5 18. Bxf6 Nxf6 19. Rfd1 Qb7
20. Rd4 Qc7 21. Qe2 Qe5 22. Rd8 Kf8 23. Rxe8+ Nxe8 24. Rd8 Qc7 25. Qd3 Ke7
26. Rd4 g5 27. Qe3 a6 28. g3 h6 29. Rd3 Nd6 30. b3 g4 31. Qd4 h5 32. Re3 a5
33. b4 axb4 34. axb4 Rc4 35. Qg7 Rxb4 36. e5 Nf5 37. Qf6+ Ke8 38. Rd3 Rd4
39. Qh8+ Kd7 40. Rxd4+ Nxd4 41. Ne4 Qc1+ 42. Kg2 Nf3 43. Nf6+ Kc7 0-1

[Event "4th FIDE GP w"]
[Site "Jermuk ARM"]
[Date "2010.07.02"]
[Round "8"]
[White "Danielian,E"]
[Black "Cramling,P"]
[Result "1/2-1/2"]
[WhiteElo "2473"]
[BlackElo "2536"]
[EventDate "2010.06.24"]

1. d4 Nf6 2. c4 e6 3. Nf3 b6 4. a3 Ba6 5. Qc2 Bb7 6. Nc3 c5 7. e4 cxd4 8.
Nxd4 Bc5 9. Nb3 Nc6 10. Bg5 h6 11. Bh4 Nd4 12. Nxd4 Bxd4 13. Bd3 Qb8 14.
Bg3 Be5 15. O-O-O O-O 16. Kb1 Rc8 17. Rhe1 d6 18. f4 Bxc3 19. Qxc3 b5 20.
e5 Nd5 21. Qd4 bxc4 22. Bxc4 Nc3+ 23. Qxc3 d5 24. f5 Rxc4 25. Qd2 d4 26. f6
g5 27. Rc1 Rxc1+ 28. Rxc1 Be4+ 29. Ka1 Qb3 30. Qb4 Bd5 31. Qxb3 Bxb3 32.
Be1 Rd8 33. Rc5 d3 34. Bd2 Rd7 35. Rc3 Bc2 36. b4 Kh7 37. Rc8 Bd1 38. Kb2
Ba4 39. Kc3 a6 40. Be3 Rd5 41. Rc5 Rd7 42. Ra5 Bb5 43. a4 Rc7+ 44. Bc5 Bc4
45. g4 Kg6 46. Bd6 Rb7 47. Bc5 Rc7 48. Bb6 Rd7 49. Be3 d2 50. Bxd2 Be2 51.
Be1 Rd3+ 52. Kc2 Rd4 53. h3 Bf1 54. b5 axb5 55. axb5 Bxh3 56. b6 Bg2 57.
Ra7 Rd5 58. Bc3 Be4+ 59. Kc1 Rb5 60. Bd4 Rb4 61. Be3 Rb3 62. Kd2 Bf3 63.
Ra4 Rb5 64. Bd4 Bxg4 65. Ra8 Bf3 66. Rg8+ Kf5 67. Rf8 Kg6 68. Rg8+ Kf5 69.
Rf8 Kg6 1/2-1/2

[Event "4th FIDE GP w"]
[Site "Jermuk ARM"]
[Date "2010.07.03"]
[Round "9"]
[White "Cramling,P"]
[Black "Mkrtchian,L"]
[Result "1/2-1/2"]
[WhiteElo "2536"]
[BlackElo "2477"]
[EventDate "2010.06.24"]

1. Nf3 c5 2. c4 Nc6 3. Nc3 e5 4. e3 Nf6 5. Qc2 d6 6. a3 g6 7. Rb1 a5 8. d3
Bg7 9. Be2 O-O 10. O-O d5 11. cxd5 Nxd5 12. Bd2 b6 13. Rfc1 Ba6 14. Ne1 Rc8
15. Bg4 Rb8 16. Nxd5 Qxd5 17. b4 axb4 18. Bf3 Qd6 19. Bxc6 b3 20. Rxb3 Qxc6
21. Bc3 Rfd8 22. a4 c4 23. Bb2 Qxa4 24. dxc4 Rbc8 25. Rxb6 Qxc2 26. Rxc2
Rxc4 27. Rxc4 Bxc4 28. h3 e4 29. Bxg7 Kxg7 30. Rb4 Ba6 31. Ra4 Bb5 32. Ra5
Rd1 33. Rxb5 Rxe1+ 34. Kh2 Re2 35. Kg3 h6 36. h4 h5 37. Re5 f5 38. Re6 Kf7
39. Ra6 Kg7 40. Ra3 Kf6 41. f3 Ke6 42. Ra6+ Kf7 43. Ra3 Ke6 44. Ra6+ Kf7
45. Ra3 1/2-1/2

[Event "4th FIDE GP w"]
[Site "Jermuk ARM"]
[Date "2010.07.03"]
[Round "9"]
[White "Kovanova,B"]
[Black "Danielian,E"]
[Result "0-1"]
[WhiteElo "2366"]
[BlackElo "2473"]
[EventDate "2010.06.24"]

1. e4 c5 2. Nf3 e6 3. d4 cxd4 4. Nxd4 a6 5. Bd3 Bc5 6. Nb3 Ba7 7. Qe2 Nc6
8. Be3 Bxe3 9. Qxe3 d6 10. Nc3 Nge7 11. O-O b5 12. f4 O-O 13. Rad1 Qc7 14.
f5 Qa7 15. Qxa7 Rxa7 16. fxe6 Bxe6 17. Be2 Rd8 18. Nd4 Nxd4 19. Rxd4 Nc6
20. Rd2 Kf8 21. Rfd1 Ke7 22. a4 b4 23. Nd5+ Bxd5 24. Rxd5 a5 25. Rc1 Ne5
26. c4 Nd7 27. e5 Nxe5 28. c5 f6 29. c6 Rc8 30. Bb5 Rac7 31. Re1 Rd8 32. b3
Kf7 33. Rc1 Ke6 34. Rcd1 g5 35. R1d4 h5 36. h3 g4 37. hxg4 hxg4 38. Kf2 f5
39. Ke3 Nxc6 40. Bxc6 Rxc6 41. Rxa5 Rc3+ 42. Kf4 Rc2 43. Rd3 Rf2+ 44. Kg3
Re2 45. Rb5 d5 46. Rxb4 Ke5 47. a5 d4 48. Rd1 Re3+ 49. Kh4 f4 50. a6 f3 51.
a7 fxg2 52. Rb8 Kf5 53. Rb5+ Kf4 54. Kh5 Rh3+ 55. Kg6 Rhh8 56. Ra5 Rdg8+
57. Kf7 Rf8+ 58. Kg7 Kg3 59. b4 Ra8 60. b5 Rh1 61. b6 Rxd1 62. b7 Rxa7 63.
Rxa7 Rb1 0-1

[Event "4th FIDE GP w"]
[Site "Jermuk ARM"]
[Date "2010.07.04"]
[Round "10"]
[White "Danielian,E"]
[Black "Fierro Baquero,M"]
[Result "1/2-1/2"]
[WhiteElo "2473"]
[BlackElo "2363"]
[EventDate "2010.06.24"]

1. d4 g6 2. Nf3 Nf6 3. c4 Bg7 4. g3 c5 5. Bg2 cxd4 6. O-O Nc6 7. Nxd4 O-O
8. Nc3 Nxd4 9. Qxd4 d6 10. Qd3 a6 11. Rd1 Bf5 12. e4 Be6 13. Bd2 Qd7 14.
Rac1 Rfc8 15. b3 Rab8 16. a4 Qd8 17. h3 Nd7 18. Be3 Nc5 19. Qb1 a5 20. f4
Qf8 21. Kh2 Bd7 22. Nd5 b6 23. Re1 e6 24. Nc3 Bc6 25. Bf2 Rd8 26. Qc2 Rd7
27. Rcd1 Rbd8 28. Nb5 Ba8 29. Rd2 Bh6 30. Be3 Bc6 31. h4 e5 32. Nc3 exf4
33. gxf4 Qe7 34. Kg3 Re8 35. Rde2 Qf6 36. Bc1 Qd8 37. h5 Rde7 38. hxg6 hxg6
39. e5 Bxg2 40. Kxg2 dxe5 41. Nd5 Rd7 42. Rxe5 Rxe5 43. Rxe5 Bg7 44. Re3
Bd4 45. Rf3 Rxd5 46. cxd5 Qxd5 47. f5 gxf5 48. Qe2 Qe4 49. Kf1 Kf8 50. Bh6+
Bg7 51. Bxg7+ Kxg7 52. Rg3+ Kf6 53. Qh5 Qb1+ 54. Kg2 Qe4+ 55. Kh2 Ne6 56.
Qh6+ Ke7 57. Re3 Qg4 58. Qh3 Qd4 59. Rd3 Qf2+ 60. Kh1 Qe1+ 61. Kh2 f4 62.
Qf3 Qh4+ 63. Kg1 Kf6 64. Qf2 Qg4+ 65. Qg2 Qf5 66. Rd5 Qb1+ 67. Kh2 Qh7+ 68.
Kg1 Qb1+ 69. Kh2 Qh7+ 70. Kg1 Qb1+ 1/2-1/2